Traja doktori zo Salamanky

Podrobná bibliografia
Hlavný autor: Rodari, Gianni, 1920-1980 (Autor)
Ďalší autori: Turčány, Viliam, 1928-2021 (Prekladateľ), Končeková-Veselá, Ľuba, 1942- (gup)
Médium: Článok
Jazyk:slovenčina
Predmet:

MARC

LEADER 00000nab a2200000 a 4500
001 vtls000060245
003 SK-MaSNL
005 20260303165458.0
008 210623c1980 xo 0 slo
015 |a SNBRB19rr/mm-uuuuu 
035 |a CL0070345 
040 |a SNKBUCL  |b slo  |c SNKBUCL  |e AACR2 
041 0 |a slo 
044 |a xo  |c SK 
080 |a 850-1(087.5)  |2 1981 
100 1 |a Rodari, Gianni,  |d 1920-1980  |4 aut  |9 223425 
245 1 0 |a Traja doktori zo Salamanky  |c Gianni Rodari ; Viliam Turčány, Ľuba Končeková-Veselá 
650 0 7 |a rozprávky veršované  |2 snkbucl  |9 1009419 
650 0 7 |a literatúra pre deti a mládež  |2 snkbucl  |9 21893 
655 7 |a články z novín a časopisov  |2 snkbucl  |9 267496 
655 7 |a články z odboru literárna veda a krásna literatúra  |2 snkbucl  |9 770045 
700 1 |a Turčány, Viliam,  |d 1928-2021  |4 trl  |9 102025 
700 1 |a Končeková-Veselá, Ľuba,  |d 1942-  |4 gup  |9 219100 
773 0 |t Slniečko  |g Roč. 12, č. 10 (1980), s. 19 
850 |a Slovenská národná knižnica v Martine  |a MTA001 
852 |a SNK  |b KIS3GCP 
958 |a RK 
958 |a LX 
992 |a RBX 
999 |c 2071937  |d 2073867